• 首页
  • 本馆介绍
  • 公告通知
  • 最新文献
  • 馆藏检索
  • 电子资源
  • 读者导购
  • 参考咨询
  • 我的图书馆
  • 登录
  • 详细信息显示
  • 放入我的书架
  • 预约/预借图书
  • 作者相关作品
  • 分类相关作品
  • 丛书相关作品
  • 出版社相关作品

书目信息

  • 表格格式
  • 工作单格式
  • 卡片格式
题名:
当通胀来了
    
 
作者: 闵纬国 著
分册:  
出版信息: 北京   机械工业出版社  2012.5
页数: 212页
开本: 24cm
丛书名:
单 册:
中图分类: F820.5
科图分类:
主题词: 通货膨胀--研究--中国 , 通货膨胀
电子资源:
ISBN: 978-7-111-36942-4
000 00812nam0 22002411 450
001 524
005 20140909101714.09
010    @a978-7-111-36942-4@dCNY38.00
100    @a20120518d2012 em y0chiy50 ea
101 0  @achi
102    @aCN@b110000
105    @ay z 000yy
106    @ar
200 1  @a当通胀来了@ADang Tong Zhang Lai Le@f闵纬国著@FMin Wei Guo Zhu
210    @a北京@c机械工业出版社@d2012.5
215    @a212页@d24cm
330    @a本书内容包括:上一轮通货膨胀、中国通货膨胀现象、谁在掠夺我们的财富、用好手中的钱、石油暴涨让菜篮子轻起来、保险真的保险吗、通胀不等于牛市、如何应对通货膨胀之后的通货紧缩等。
606 0  @a通货膨胀@x研究@y中国
606 0  @a通货膨胀
690    @aF820.5@v5
701  0 @a闵纬国@AMin Wei Guo@4著
801  0 @aCN@bTANGWEI@c20140603
905    @b0837273-75@dF820.5@e66@f3
    
    当通胀来了/闵纬国著.-北京:机械工业出版社,2012.5
    212页;24cm
    
    
    ISBN 978-7-111-36942-4:CNY38.00
    本书内容包括:上一轮通货膨胀、中国通货膨胀现象、谁在掠夺我们的财富、用好手中的钱、石油暴涨让菜篮子轻起来、保险真的保险吗、通胀不等于牛市、如何应对通货膨胀之后的通货紧缩等。
●
相关链接 在E读中查询图书 在五车中查询图书 在当当中查询图书 在豆瓣中查询图书


正题名:当通胀来了     索取号:F820.5/66         预约/预借

序号 登录号 条形码 馆藏地/架位号 状态 备注
1 0837273   208372731   第一样本阅览室/ [索取号:F820.5/66] 在馆    
2 0837274   208372740   第一借阅区/ [索取号:F820.5/66] 在馆    
3 0837275   208372759   密集书库-海洋学院/ [索取号:F820.5/66] 在馆    
唐山师范学院图书馆 欢迎您!
大连网信软件有限公司© 版权所有